LEADER 01192cam0 22002893 450 001 SON0001776 005 20240617080729.0 010 $a8813226748 100 $a20040211d2000 |||||ita|0103 ba 101 $aita 102 $aIT 200 1 $aVolontaria giurisdizione e successione mortis causa$eChiamata all'eredità,erede beneficiato,eredità giacente, istituzione condizionale e dei nascituri, sostituzione fedecommissaria, esecutore testamentario$fMauro Di Marzio$gBenedetta Thellung de Courtelary 210 $aPadova$cCEDAM$d2000 215 $aXXII,684 p.$d24 cm 225 2 $aEnciclopedia$v44 410 1$1001LAEC00015296$12001 $a*Enciclopedia$v44 700 1$aDi Marzio$b, Mauro$3AF00009012$4070$0269105 702 1$aTHELLUNG de COURTELARY, Benedetta$3AF00015705$4070 801 0$aIT$bUNISOB$c20240617$gRICA 850 $aUNISOB 852 $aUNISOB$j340|Coll|45|K$m102840 912 $aSON0001776 940 $aM 102 Monografia moderna SBN 941 $aM 957 $a340|Coll|45|K$b000044$gSI$d102840$racquisto$1carrano$2UNISOB$3UNISOB$420110926094739.0$520240617080715.0$6Alfano 996 $aVolontaria giurisdizione e successione mortis causa$91731643 997 $aUNISOB